Famous Bobs Quiz Stats

 Plays Quiz Updated Nov 20, 2018

     
Support Sporcle.
Go Orange.
Score 0/34 Timer 07:00
2 Plays Today
Hint Name % Correct
Former host of 'The Price is Right' (retired 2007)Bob Barker
87.1%
Jamaican musician whose hits included 'I Shot the Sheriff' and 'One Love'Bob Marley
81.7%
Played Danny Tanner on 'Full House', also the first host of 'America's Funniest Home Videos'Bob Saget
72.6%
Star of 'Iron-Man' and 'Tropic Thunder'Robert Downey Jr.
72.4%
Unsuccessfully ran against Bill Clinton in '96 Presidential electionBob Dole
69.6%
Leader of the Confederate soldiers in the Civl WarRobert E. Lee
69.2%
It was not his 'prerogative' to be the ex-husband of Whitney HoustonBobby Brown
68.5%
He wrote 'Blowin' in the Wind' and 'The Times They Are a-Changin' Bob Dylan
65.9%
Actor from 'Raging Bull' and 'Cape Fear'Robert De Niro
63.2%
Assassinated by Sirhan Bishara Sirhan in 1968Robert Kennedy
60.9%
American poet who wrote 'The Road Not Taken'Robert Frost
58%
Coached basketball at Army, Indiana, and Texas Tech. Overall leader in Division 1 winsBobby Knight
54.6%
Hosted the Academy Awards ceremony 18 times between 1939 and 1977Bob Hope
54.6%
Actor and Director, known for 'The Natural' and 'Ordinary People'Robert Redford
53.3%
Ex-Saturday Night Live member, starred in 'Deuce Bigalow: Male Gigolo' and 'The Hot Chick'Rob Schneider
52.5%
Sportscaster, usually anchors the Olympic coverage Bob Costas
52%
Lead singer of Led ZeppelinRobert Plant
51.7%
Hint Name % Correct
His signature song 'Old Time Rock and Roll' was named one of the Songs of the Century in 2001Bob Seger
45.1%
Played Papa Elf in the movie 'Elf', also had more than one eponymous TV showsBob Newhart
44.6%
Author of the book 'Treasure Island'Robert Louis Stevenson
42.6%
Star defensemen for the Boston Bruins, won 8 Norris Trophies for best defensemenBobby Orr
41.5%
Longtime manager of the Atlanta Braves, holds the all time record for game ejectionsBobby Cox
38.8%
Along with Bernstein was lead reporter on the Watergate scandalBob Woodward
35%
Gilligan from 'Gilligan's Island'Bob Denver
34%
Played Sam Seaborn on 'The West Wing'Rob Lowe
30.3%
Directed 'Forrest Gump' and 'Back to the Future'Robert Zemeckis
26.7%
First MLB player to have more than two seasons of 30 home runs and 30 stolen basesBobby Bonds
24.9%
Played No. 2 to Dr. Evil in 'Austin Powers' and starred in 'Hart to Hart'Robert Wagner
22.8%
Host of the 'The Newlywed Game' on and off from 1966 to 2000Bob Eubanks
22.6%
Sports broadcaster also played Harry Doyle in the movie 'Major League'Bob Uecker
22.1%
Actor who won the Academy Award for his role in 'Tender Mercies'Robert Duvall
20.8%
Won the Oscar for best actor for his work in the film 'Life Is Beautiful'Roberto Benigni
17.8%
TV's 'Captain Kangaroo'Bob Keeshan
9.3%
Military commander of the Commonwealth of England nicknamed 'Father of the Royal Navy'Robert Blake
2.4%

From the Vault

Sitcoms By First Names

by biggs364

In some sitcom bars, everybody knows your name.
Remove Ads.
Support Sporcle.
Get the best of Sporcle when you Go Orange. This ad-free experience offers more features, more stats, and more fun while also helping to support Sporcle. Thank you for becoming a member.

Show Comments

Extras

Top Quizzes Today


Score Distribution

Your Account Isn't Verified!

In order to create a playlist on Sporcle, you need to verify the email address you used during registration. Go to your Sporcle Settings to finish the process.

Report this User

Report this user for behavior that violates our Community Guidelines.

Details: